000 00623nam a2200205 a 4500
001 000011749
005 20240530073912.0
008 091027s2005 dr a 000 f spa d
020 _a9945110268
040 _aDO-SdBNP
_bspa
_cBNPHU
082 _aRD863.44
_bA661s
100 1 _aArembilet, Luis,
_d1957-
_927809
245 1 3 _aEl secreto de Neguri /
_cLuis Arambilet.
260 _aSanto Domingo :
_bAlfaguara,
_c2005.
300 _a371 p. :
_bil. ;
_c24 cm.
590 _aInventariado, 2020/MFF
650 0 _aNovela dominicana
_9223
650 0 _aLiteratura dominicana.
_967
910 _aValidado. Control de calidad MMOLINA
999 _c11424
_d11424